Statistics for Most Common First Names in the United States - E

Click here to take the quiz!

General Stats

  • This quiz has been taken 813 times
  • The average score is 9 of 20

Answer Stats

HintAnswer% Correct
19Edward
81%
134Emma
78%
5Elizabeth
73%
99Emily
73%
33Eric
70%
126Ellen
55%
136Eddie
53%
132Esther
47%
57Evelyn
46%
209Edgar
38%
134Edwin
38%
86Ernest
34%
117Edith
32%
231Erik
29%
109Edna
27%
98Earl
25%
127Elaine
25%
125Ethel
22%
80Eugene
21%
218Elmer
11%

Score Distribution

Percentile by Number Answered

Percent of People with Each Score

Your Score History

You have not taken this quiz